El sistema nervioso : (Registro nro. 30920)
[ vista simple ]
| 000 -LEADER | |
|---|---|
| fixed length control field | 01424nam a22002537a 4500 |
| 003 - CONTROL NUMBER IDENTIFIER | |
| control field | CO-CtgCURN |
| 005 - DATE AND TIME OF LATEST TRANSACTION | |
| control field | 20250424141810.0 |
| 008 - FIXED-LENGTH DATA ELEMENTS--GENERAL INFORMATION | |
| fixed length control field | 250424b |||||||| |||| 00| 0 eng d |
| 020 ## - INTERNATIONAL STANDARD BOOK NUMBER | |
| International Standard Book Number | 9789587140736 |
| 040 ## - CATALOGING SOURCE | |
| Original cataloging agency | CO-CtgCURN |
| Language of cataloging | spa |
| Transcribing agency | coctgcurn |
| 082 ## - DEWEY DECIMAL CLASSIFICATION NUMBER | |
| Classification number | 611.8 |
| Item number | B982s |
| 100 ## - MAIN ENTRY--PERSONAL NAME | |
| Personal name | Bustamante Zuleta, Ernesto |
| Relator term | autor |
| 245 ## - TITLE STATEMENT | |
| Title | El sistema nervioso : |
| Remainder of title | Desde las neuronas hasta el cerebro humano / |
| Statement of responsibility, etc. | Ernesto Bustamante Zuleta. |
| 260 ## - PUBLICATION, DISTRIBUTION, ETC. | |
| Place of publication, distribution, etc. | Medellín: |
| Name of publisher, distributor, etc. | Editorial Universidad de Antioquía, |
| Date of publication, distribution, etc. | 2007. |
| 300 ## - PHYSICAL DESCRIPTION | |
| Extent | xxi, 314 páginas, |
| Other physical details | ilustraciones, |
| Dimensions | 24 centímetros. |
| 490 ## - SERIES STATEMENT | |
| Series statement | Salud. Interés general |
| 500 ## - GENERAL NOTE | |
| General note | Incluye índice: página305. |
| 504 ## - BIBLIOGRAPHY, ETC. NOTE | |
| Bibliography, etc. note | Incluye bibliografía: página 295 |
| 505 ## - FORMATTED CONTENTS NOTE | |
| Formatted contents note | La vida.-- Evolución del sistema nervioso.-- Desarrollo del sistema nervioso.-- Las células nerviosas.-- Potenciales eléctricos y canales iónicos.-- La sinapsis.-- Los neurotransmisores.-- Los receptores celulares.-- Neuromodulación.-- Mapeo cerebral con RMF.-- Cerebelo, ganglios basales y movimiento voluntario.-- La conciencia.-- El pensamiento.-- El lenguaje.-- La atención.-- La memoria.-- La percepción.-- La emoción.-- Lateralización de la funciones cerebrales.-- El cerebro dividido.-- El cerebro y los sexos. |
| 650 ## - SUBJECT ADDED ENTRY--TOPICAL TERM | |
| Topical term or geographic name entry element | Anatomía |
| General subdivision | El sistema nervioso |
| 650 ## - SUBJECT ADDED ENTRY--TOPICAL TERM | |
| Topical term or geographic name entry element | El cerebro humano. |
| 650 ## - SUBJECT ADDED ENTRY--TOPICAL TERM | |
| Topical term or geographic name entry element | Neurología |
| 942 ## - ADDED ENTRY ELEMENTS (KOHA) | |
| Source of classification or shelving scheme | Dewey Decimal Classification |
| Koha item type | Libros |
| Classification part | 611.8 |
| Item part | B982s |
| Suppress in OPAC | No |
| Withdrawn status | Lost status | Source of classification or shelving scheme | Damaged status | Not for loan | Collection | Home library | Current library | Shelving location | Date acquired | Inventory number | Total checkouts | Full call number | Barcode | Date last seen | Copy number | Price effective from | Koha item type | Public note |
|---|---|---|---|---|---|---|---|---|---|---|---|---|---|---|---|---|---|---|
| Dewey Decimal Classification | General | Miguel Henríquez Emiliani | Miguel Henríquez Emiliani | General | 04/24/2025 | 013366 | 611.8 B982s | 013366 | 04/24/2025 | ej.1 | 04/24/2025 | Libros | 610-CIENME | |||||
| Dewey Decimal Classification | General | Miguel Henríquez Emiliani | Miguel Henríquez Emiliani | General | 04/24/2025 | 013367 | 611.8 B982s | 013367 | 04/24/2025 | ej.2 | 04/24/2025 | Libros | 610-CIENME | |||||
| Dewey Decimal Classification | General | Miguel Henríquez Emiliani | Miguel Henríquez Emiliani | General | 04/24/2025 | 013368 | 611.8 B982s | 013368 | 04/24/2025 | ej.3 | 04/24/2025 | Libros | 610-CIENME |